000
00384nam a2200133Ia 4500
008
151001s9999||||xx |||||||||||||| ||und||
100
_a
मोहनदास निमिषराय
245
_a
बाबासाहेब और उनके संस्मरण
250
_a
1
260
_b
संगीता
260
_c
1998
300
_a
46
365
_b
18
999
_c
973678
_d
973675